00786nam a2200193 i 450000100060000000300090000600500170001500700030003200800410003510000240007624502010010026000510030130000200035249000720037265000290044470000270047383000720050085200200057275978ES-MaACL20250809035350.0t|040928s1948 ag ||||1| spa d1 aGrispigni, Filippo.10aDerecho penal italiano / cFilippo Grispigni ; traducido de la 2ª edición original italiana y anotado con la legislación y doctrina de los países latinoamericanos, por Isidoro De Benedetti. aBuenos Aires : bDepalma, c1948 (fPatagonia) a1 v. ; c24 cm.1 aBiblioteca jurídica. Sección Derecho. Procedimiento Penal ; v6 7aDerecho penal-zItalia21 aDe Benedetti, Isidoro.0 aBiblioteca jurídica. Sección Derecho. Procedimiento Penal ; v6 aES-MaACLjP-935